000 00555nam a2200229Ia 4500
008 210210b2016 xxu||||| |||| 00| 0 eng d
020 _a9788180942136
041 _aeng
082 _a332.41 JOSI
100 _aJOSEPH RAJ (K) Ed
245 _aInflation: and its impact on economic development
260 _aChennai
_bMJP Publishers
_c2016
300 _ax,233
650 _aon
650 _aits
650 _aInflation:
650 _aimpact
650 _aeconomic
650 _adevelopment
690 _aMonetary Economics
906 _a071799
999 _c121575
_d121575